Tree and field crops of the wetter regions of the tropics / (Record no. 35107)

MARC details
000 -LEADER
fixed length control field 00962nam a2200313 a 4500
001 - CONTROL NUMBER
control field 2794757
003 - CONTROL NUMBER IDENTIFIER
control field OSt
005 - DATE AND TIME OF LATEST TRANSACTION
control field 20220418124630.0
008 - FIXED-LENGTH DATA ELEMENTS--GENERAL INFORMATION
fixed length control field 850620s1980 enka b 001 0 eng
010 ## - LIBRARY OF CONGRESS CONTROL NUMBER
LC control number 81156367
015 ## - NATIONAL BIBLIOGRAPHY NUMBER
National bibliography number GB***
020 ## - INTERNATIONAL STANDARD BOOK NUMBER
International Standard Book Number 0582603196 (pbk.)
040 ## - CATALOGING SOURCE
Original cataloging agency DLC
Transcribing agency hu
Modifying agency DLC
043 ## - GEOGRAPHIC AREA CODE
Geographic area code w------
050 00 - LIBRARY OF CONGRESS CALL NUMBER
Classification number SB111
Item number .W584 1980
082 00 - DEWEY DECIMAL CLASSIFICATION NUMBER
Classification number 632.5`0913
Edition number 19
100 1# - MAIN ENTRY--PERSONAL NAME
Personal name Williams, C. N.
9 (RLIN) 13941
245 10 - TITLE STATEMENT
Title Tree and field crops of the wetter regions of the tropics /
Statement of responsibility, etc. C.N. Williams, W.Y. Chew, and J.H. Rajaratnam.
260 ## - PUBLICATION, DISTRIBUTION, ETC.
Place of publication, distribution, etc. London :
Name of publisher, distributor, etc. Longman,
Date of publication, distribution, etc. 1980.
300 ## - PHYSICAL DESCRIPTION
Extent ix, 262 p. :
Other physical details ill. ;
Dimensions 22 cm.
440 #0 - SERIES STATEMENT/ADDED ENTRY--TITLE
Title Intermediate tropical agriculture series
9 (RLIN) 36391
500 ## - GENERAL NOTE
General note Includes index.
504 ## - BIBLIOGRAPHY, ETC. NOTE
Bibliography, etc. note Bibliography: p. 249.
650 #0 - SUBJECT ADDED ENTRY--TOPICAL TERM
Topical term or geographic name entry element Tropical crops.
9 (RLIN) 31801
700 1# - ADDED ENTRY--PERSONAL NAME
Personal name Chew, W. Y.
9 (RLIN) 36392
700 1# - ADDED ENTRY--PERSONAL NAME
Personal name Rajaratnam, J. H.
9 (RLIN) 36393
906 ## - LOCAL DATA ELEMENT F, LDF (RLIN)
a 7
b cbc
c orignew
d 4
e ncip
f 19
g y-gencatlg
942 ## - ADDED ENTRY ELEMENTS (KOHA)
Source of classification or shelving scheme Dewey Decimal Classification
Koha item type Books like text book referance book
Suppress in OPAC No
Holdings
Withdrawn status Lost status Source of classification or shelving scheme Damaged status Not for loan Collection code Home library Current library Shelving location Date acquired Total Checkouts Full call number Barcode Date last seen Copy number Price effective from Koha item type
    Dewey Decimal Classification     Reference Wondo Genet Library Wondo Genet Library General Stacks 04/18/2022   632.5`0913 TRE 1982 WGCFNRL00019411 04/18/2022 1 04/18/2022 Books like text book referance book